000 00537nam a2200229Ia 4500
003 OSt
005 20220924141841.0
006 a|||||r|||| 00| 0
007 ta
008 220923b |||||||| |||| 00| 0 ben d
024 _a299540
037 _cTextual
040 _aARTS
_cARTS
_bben
041 _2ben
_aben
082 _aTxM61, 157M0
100 _aDutta
245 0 _aSantiniketaner ek yug
260 _c1980
650 _aEDUCATION
942 _hTxM61, 157M0
_cTEXL
_2CC
999 _c448473
_d448473